Musterklausuren Kriminalistik: kriminalistische Fallbearbeitung, Klausuren mit Lösungshinweisen

Guardado en:  
Detalles Bibliográficos
Autor principal: Weihmann, Robert 1941-2023 (Autor)
Tipo de documento: Print Libro
Lenguaje:Alemán
Publicado: Hilden/Rhld. Verlag Dt. Polizeiliteratur 1996
En:Año: 1996
Acceso en línea: Índice
Verificar disponibilidad: HBZ Gateway
Servicio de pedido Subito: Pedir ahora.
Palabras clave:

MARC

LEADER 00000cam a2200000 c 4500
001 213603063
003 DE-627
005 20260206195113.0
007 tu
008 960806s1996 gw ||||| v 00| ||ger c
015 |a 96,N33,0396  |2 dnb 
015 |a 96,A49,0360  |2 dnb 
016 7 |a 948116269  |2 DE-101 
020 |a 3801103471  |c  : DM 28.80 (kart.)  |9 3-8011-0347-1 
035 |a (DE-627)213603063 
035 |a (DE-603)049954407 
035 |a (DE-576)054035465 
035 |a (DE-599)GBV213603063 
035 |a (OCoLC)75765536 
035 |a (OCoLC)75765536 
040 |a DE-627  |b ger  |c DE-627  |e rakwb 
041 |a ger 
044 |c XA-DE 
084 |a 19  |2 sdnb 
084 |a 19  |a 20  |2 sdnb 
084 |a PH 9000  |2 rvk  |0 (DE-625)rvk/136529: 
100 1 |a Weihmann, Robert  |d 1941-2023  |0 (DE-588)120938464  |0 (DE-627)080981399  |0 (DE-576)29245726X  |4 aut 
109 |a Weihmann, Robert 1941-2023 
245 1 0 |a Musterklausuren Kriminalistik  |b kriminalistische Fallbearbeitung, Klausuren mit Lösungshinweisen  |c von Robert Weihmann 
263 |a brosch. : DM 28.80, sfr 28.80, S 216.00 
264 1 |a Hilden/Rhld.  |b Verlag Dt. Polizeiliteratur  |c 1996 
300 |a 132 S  |c 21 cm 
336 |a Text  |b txt  |2 rdacontent 
337 |a ohne Hilfsmittel zu benutzen  |b n  |2 rdamedia 
338 |a Band  |b nc  |2 rdacarrier 
583 1 |a Archivierung prüfen  |c 20200919  |f DE-640  |z 2  |2 pdager 
650 0 7 |0 (DE-588)4033177-5  |0 (DE-627)106258583  |0 (DE-576)209000503  |a Kriminalistik  |2 gnd 
655 7 |a Fallsammlung  |0 (DE-588)4153616-2  |0 (DE-627)105529699  |0 (DE-576)209804769  |2 gnd-content 
689 0 0 |d s  |0 (DE-588)4033177-5  |0 (DE-627)106258583  |0 (DE-576)209000503  |a Kriminalistik  |2 gnd 
689 0 |5 DE-101 
689 1 0 |d s  |0 (DE-588)4033177-5  |0 (DE-627)106258583  |0 (DE-576)209000503  |a Kriminalistik  |2 gnd 
689 1 |5 (DE-627) 
856 4 2 |u http://scans.hebis.de/HEBCGI/show.pl?04995440_toc.pdf  |m V:DE-605;X:Imageware  |q application/pdf  |3 Inhaltsverzeichnis  |7 1 
935 |a mkri 
935 |i Blocktest 
936 r v |a PH 9000  |b Polizeiliche Aufklärung und Polizeitaktik; Aufklärung <Kriminologie>; Kriminalistik  |k Rechtswissenschaft  |k Strafrecht, Strafverfahrensrecht, Kriminologie  |k Kriminologie  |k Strafverfahren und Strafvollzug; Empirische Bezugswissenschaften zur Kriminalrechtspflege; Forschung zu strafrechtlicher Sozialkontrolle  |k Polizeiliche Aufklärung und Polizeitaktik; Aufklärung <Kriminologie>; Kriminalistik  |0 (DE-627)1271966085  |0 (DE-625)rvk/136529:  |0 (DE-576)201966085 
936 s n |a p100  |2 mzub 
936 s n |a m100  |2 mzub 
951 |a BO 
ELC |b 1 
LOK |0 000 xxxxxcx a22 zn 4500 
LOK |0 001 3140531990 
LOK |0 003 DE-627 
LOK |0 004 213603063 
LOK |0 005 19961111000000 
LOK |0 008 960902||||||||||||||||ger||||||| 
LOK |0 040   |a DE-Frei85  |c DE-627  |d DE-Frei85 
LOK |0 852   |a DE-Frei85 
LOK |0 852 1  |m p  |9 00 
LOK |0 938   |k p 
LOK |0 939   |a 02-09-96  |b l01 
ORI |a SA-MARC-krimdoka001.raw